UBT Library

International relations : (Record no. 1318)

000 -LEADER
fixed length control field 00482nam a22001697a 4500
008 - FIXED-LENGTH DATA ELEMENTS--GENERAL INFORMATION
fixed length control field 151020b xxu||||| |||| 00| 0 eng d
020 ## - INTERNATIONAL STANDARD BOOK NUMBER
International Standard Book Number 9780205585953
020 ## - INTERNATIONAL STANDARD BOOK NUMBER
International Standard Book Number 0205585957
041 0# - LANGUAGE CODE
Language code of text/sound track or separate title eng
080 ## - UNIVERSAL DECIMAL CLASSIFICATION NUMBER
Universal Decimal Classification number 327
245 10 - TITLE STATEMENT
Title International relations :
Statement of responsibility, etc Joshua S. Goldstein; Jon C. Pevehouse'
250 ## -
-- 8th ed.
260 ## -
-- USA:
-- Pearson;
-- 2009.
300 ## -
-- 559 f.:
-- me il.;
-- 24 cm.
650 #0 -
-- Marrëdhëniet ndërkombëtare
942 ## - ADDED ENTRY ELEMENTS (KOHA)
Source of classification or shelving scheme
Item type Books
Holdings
Withdrawn status Lost status Source of classification or shelving scheme Damaged status Not for loan Collection code Permanent location Current location Shelving location Date acquired Total Checkouts Full call number Barcode Date last seen Price effective from Koha item type
          Koleksioni i përgjithshem UBT - Lipjan UBT - Lipjan Koleksioni i përgjithshem 10/20/2015   327 GOL 002-008423 06/22/2017 10/20/2015 Books
UBT Library © 2015-2024. All rights reserved University Education for Business and Technology